Corrosion engineering (Record no. 1267)

000 -LEADER
fixed length control field 00569nam a22002177a 4500
001 - CONTROL NUMBER
control field 1267
003 - CONTROL NUMBER IDENTIFIER
control field BD-DhUET
008 - FIXED-LENGTH DATA ELEMENTS--GENERAL INFORMATION
fixed length control field 140902b xxu||||| |||| 00| 0 eng d
020 ## - INTERNATIONAL STANDARD BOOK NUMBER
International Standard Book Number 9789848725085
040 ## - CATALOGING SOURCE
Transcribing agency 0
Modifying agency BD-DhUET
082 ## - DEWEY DECIMAL CLASSIFICATION NUMBER
Classification number 620.1122
Item number NOO/2009
100 ## - MAIN ENTRY--PERSONAL NAME
Personal name Nooruddin Ahmed
245 ## - TITLE STATEMENT
Title Corrosion engineering
Remainder of title an introductory text
250 ## - EDITION STATEMENT
Edition statement 1st ed.
260 ## - PUBLICATION, DISTRIBUTION, ETC. (IMPRINT)
Place of publication, distribution, etc. Dhaka
Name of publisher, distributor, etc. N. Ahmed and I. Mahmud
Date of publication, distribution, etc. 2009
300 ## - PHYSICAL DESCRIPTION
Extent xviii, 261 p.
504 ## - BIBLIOGRAPHY, ETC. NOTE
Bibliography, etc Includes bibliographies
650 #0 - SUBJECT ADDED ENTRY--TOPICAL TERM
Topical term or geographic name as entry element Corrosion and anti-Corrosion
700 ## - ADDED ENTRY--PERSONAL NAME
Personal name Iqbal Mahmud
942 ## - ADDED ENTRY ELEMENTS (KOHA)
Koha item type General Book
Holdings
Copy number Koha normalized classification for sorting Koha date last seen Not for loan Source of classification or shelving scheme Shelving location Koha full call number Withdrawn status Koha issues (times borrowed) Damaged status Lost status Piece designation (barcode) Location (home branch) Koha date last borrowed Price effective from Koha out on loan Sublocation or collection (holding branch) Koha item type Date acquired
8620_000000000000000_1122NOO2002021-08-28  Circulation section620.1122/NOO/2009 2  107513Central Library, BUET2021-08-282014-09-02 Central Library, BUETGeneral Book2014-09-02
8620_000000000000000_1122NOO2002021-09-06  Circulation section620.1122/NOO/2009 25  107507Central Library, BUET2021-09-062014-09-02 Central Library, BUETGeneral Book2014-09-02
8620_000000000000000_1122NOO2002021-08-28  Circulation section620.1122/NOO/2009 1  107508Central Library, BUET2021-08-282014-09-02 Central Library, BUETGeneral Book2014-09-02
 620_000000000000000_1122NOO2002021-08-28  Circulation section620.1122/NOO/2009 1  107506Central Library, BUET2021-08-282014-09-02 Central Library, BUETGeneral Book2014-09-02
 620_000000000000000_1122NOO2002021-08-28  Circulation section620.1122/NOO/2009 1  107512Central Library, BUET2021-08-282014-09-02 Central Library, BUETGeneral Book2014-09-02
 620_000000000000000_1122NOO2002025-12-01  Circulation section620.1122/NOO/2009 5  107509Central Library, BUET2025-12-012014-09-022025-12-15Central Library, BUETGeneral Book2014-09-02
 620_000000000000000_1122NOO2002024-10-21  Circulation section620.1122/NOO/2009 38  107505Central Library, BUET2024-10-212014-09-02 Central Library, BUETGeneral Book2014-09-02
 620_000000000000000_1122NOO2002021-08-28  Circulation section620.1122/NOO/2009 1  107511Central Library, BUET2021-08-282014-09-02 Central Library, BUETGeneral Book2014-09-02
 620_000000000000000_1122NOO2002021-08-28  Circulation section620.1122/NOO/2009 1  107504Central Library, BUET2021-08-282014-09-02 Central Library, BUETGeneral Book2014-09-02
1620_112200000000000_NOO_20092021-08-28  Circulation section620.1122/NOO/2009 1  107510Central Library, BUET2021-08-282018-04-28 Central Library, BUETGeneral Book2010-01-13